Encyklopedia powszechna PWN

Bibliographic Details
Format: Book
Language:Undetermined
PhysicalDescription:895 s.
Published: Warszawa Panstwowe Wydawnictwo Naukowe 1985

MARC

LEADER 00000nam a2200000 a 4500
001 vtls001426620
003 SK-MaSNL
005 20260224113123.0
008 020108s1985 xx 0 und
035 |a SNK000381571 
040 |a SNK  |b slo  |c SNK  |e AACR2 
245 1 |a Encyklopedia powszechna PWN 
260 |a Warszawa  |b Panstwowe Wydawnictwo Naukowe  |c 1985 
300 |a 895 s. 
999 |c 985306  |d 987236 
952 |t snkLAK/3 030  |a SNKUST  |b SNKUST  |y PREZ  |7 0  |p 17A0296756  |o snkIB 54637/3   |i snkV 1581/89  |0 0  |1 0  |4 0  |d 2002-01-08  |l 0  |r 2025-03-19 00:00:00  |w 2026-02-24